| 000 | 01919nam a2200445 i 4500 | ||
|---|---|---|---|
| 001 | 991061731901906706 | ||
| 003 | ES-BaIT | ||
| 005 | 20260306094045.0 | ||
| 008 | 260306q17411779sp | 000 d spa c | ||
| 040 |
_aES-BaIT _bcat _erda _cES-BaIT |
||
| 080 | _a860-2"17" | ||
| 245 | 0 | 0 | _aEntremes de los valientes |
| 246 | 3 | 3 | _aValientes |
| 264 | 1 |
_aEn Sevilla : _bpor Joseph Padrino, en calle Genova, _c[entre 1741 i 1779?] |
|
| 300 |
_a8 pàgines ; _c8º |
||
| 336 |
_atext _btxt _2rdacontent |
||
| 337 |
_asense mediació _bn _2rdamedia |
||
| 338 |
_avolum _bnc _2rdacarrier |
||
| 500 | _aDades d'edició obtingudes del colofó | ||
| 500 | _aData d'edició deduïda dels anys d'activitat de l'editor | ||
| 500 | _aSign.: A⁴ | ||
| 530 | _aReproducció digital disponible a Biblioescènic | ||
| 593 |
_bVIT-084/07. _cRelligat en volum factici. _gExemplar digitalitzat per Crossland, 2022. _hArtur Sedó |
||
| 593 | 0 | 0 | _choland. azul (Entremeses raros VIII) |
| 593 | 0 | 0 | _choland. granate. Entreneses ardo luces. Procedència: Col·lecció Joaquín Montaner |
| 655 | 7 |
_aEntremesos castellans _yS. XVIII _2lemac _9168430 |
|
| 700 | 1 |
_aPadrino, José, _daproximadament 1748-1775? _eimpressor _9162698 |
|
| 730 | 0 |
_aCol·lecció digital Biblioescènic del MAE _969172 |
|
| 752 |
_aEspanya _dMadrid |
||
| 856 | 4 | 1 |
_aAccés lliure (Biblioescènic) _uhttps://books.cdmae.cat/visorpdf/?recurs=SV0084-07 |
| 856 | 4 | 1 |
_zAccés lliure (Biblioteca Digital Hispánica) _uhttps://bnedigital.bne.es/bd/card?id=34389227-6e76-407a-a95c-bb94153ead4e |
| 856 | 4 | 2 |
_3Fitxa del catàleg manual _uhttp://www.cdmae.cat/sedo/imgtitulos/069/P0001594.gif |
| 856 | 4 | 2 |
_3Fitxa del catàleg manual _uhttp://www.cdmae.cat/sedo/imgtitulos/069/P0001595.gif |
| 902 | _aFons antic | ||
| 902 | _aPatrimoni | ||
| 908 | _aCDMAE | ||
| 940 | _aCDMAE | ||
| 942 |
_2udc _cDIGITAL |
||
| 999 |
_c137208 _d137208 |
||